भारतीय चित्रकला का इतिहास (Record no. 308360)
[ view plain ]
| 000 -LEADER | |
|---|---|
| fixed length control field | 00882nam a2200241Ia 4500 |
| 003 - CONTROL NUMBER IDENTIFIER | |
| control field | OSt |
| 005 - DATE AND TIME OF LATEST TRANSACTION | |
| control field | 20220923212417.0 |
| 008 - FIXED-LENGTH DATA ELEMENTS--GENERAL INFORMATION | |
| fixed length control field | 220922b |||||||| |||| 00| 0 hin d |
| 037 ## - SOURCE OF ACQUISITION | |
| Terms of availability | Textual |
| 040 ## - CATALOGING SOURCE | |
| Original cataloging agency | ARTS |
| Transcribing agency | ARTS |
| Language of cataloging | hin |
| 041 ## - LANGUAGE CODE | |
| Source of code | hin |
| Language code of text/sound track or separate title | hin |
| 100 ## - MAIN ENTRY--PERSONAL NAME | |
| Personal name | कादरी, एस0 एस0 |
| 9 (RLIN) | 162443 |
| 245 #0 - TITLE STATEMENT | |
| Title | भारतीय चित्रकला का इतिहास |
| Remainder of title | सरल अध्ययन प्रारिम्भक काल से अब तक |
| 246 ## - VARYING FORM OF TITLE | |
| Title proper/short title | Bhāratīya chitrakalā kā itihāsa: saral adhyayan prārimbhak kāl se ab taka |
| 260 ## - PUBLICATION, DISTRIBUTION, ETC. | |
| Place of publication, distribution, etc. | बरेली |
| Name of publisher, distributor, etc. | प्रकाशन |
| Date of publication, distribution, etc. | 1973 |
| 300 ## - PHYSICAL DESCRIPTION | |
| Extent | 310 पृ. |
| Dimensions | cm. |
| 942 ## - ADDED ENTRY ELEMENTS (KOHA) | |
| Classification part | NQ2v, 152L3 |
| Koha item type | Textual |
| Source of classification or shelving scheme | Colon Classification (CC) |
| Withdrawn status | Lost status | Damaged status | Not for loan | Home library | Current library | Date acquired | Total Checkouts | Full call number | Barcode | Date last seen | Price effective from | Koha item type |
|---|---|---|---|---|---|---|---|---|---|---|---|---|
| Arts Library | Arts Library | 2022-09-23 | NQ2v 152L3 | AL0690509 | 2022-09-23 | 2022-09-23 | Textual |
